Представление документа в формате MARC21

Поле Инд. ПП Название Значение
Тип записи a
Библиографический уровень b
001 Контрольный номер 024ba2581bc347e5bec80b3607225fd2
005 Дата корректировки 20220405162141.5
024 80 a Стандартный номер DOI: 10.1088/1361-6471/ab3118
040 a Служба первич. каталог. Scopus
041 0_ a Код языка текста eng
097 a Костяева О.Г.
100 1_ a Автор Vardaci E.
100 1_ a Автор Itkis M. G.
100 1_ q Полное имя Княжева Галина Николаевна
g Прочие сведения РИНЦ AuthorID: 140326 (http://elibrary.ru/author_profile.asp?id=140326); Scopus Author ID:14007625100 (https://www.scopus.com/authid/detail.uri?origin=resultslist&authorId=14007625100&zone=)
u Дополнение Княжева Г. Н.; Knyazheva G. N.
a Автор Knyazheva G. N.
c Титул (звания) кандидат физико-математических наук
i 100096351
k Кафедра ядерной физики; Факультет естественных и инженерных наук
100 1_ q Полное имя Козулин Эдуард Михайлович
g Прочие сведения РИНЦ AuthorID: 26684 (http://elibrary.ru/author_profile.asp?id=26684); Scopus Author ID: 7003943693 (https://www.scopus.com/authid/detail.uri?authorId=7003943693)
u Дополнение Козулин Э. М.; Kozulin Eduard M.
a Автор Kozulin E. M.
c Титул (звания) кандидат физико-математических наук
i 000091248
k Кафедра ядерной физики; Факультет естественных и инженерных наук
245 10 a Заглавие Fission and quasifission toward the superheavy mass region
773 18 t Название источника Journal of Physics G: Nuclear and Particle Physics
d Место и дата издания 2019
b Сведения об издании Institute of Physics and IOP Publishing Ltd.
c Великобритания
m Специф. данные входит в Scopus;входит в WoS;Входит в ядро РИНЦ;зарубежный журнал;ненулевой импакт-фактор
p J. Phys. G-Nucl. Part. Phys.
o Прочие индексы wos 2.899, scopus 2.95
x ISSN 0954-3899
q Q1
x ISSN 0954-3899
w Контрольный № источника ef8e195b47054011a70e823af1bdce48
901 t Тип документа b
952 c Вид литературы статья в журнале